00861nam a2200217 i 450000100060000000300090000600500170001500700030003200800410003502000180007610000350009424500710012925000120020026001460021230000280035849000530038650500470043971000720048683000530055885200320061199112ES-MaACL20230906182436.0t|050902s1986 sp ||||1| spa d a84-505-6552-91 aMartín de la Cruz, José C.10aPapa Uvas b: Aljaraque. Huelva / cJosé C. Martín de la Cruz. a1ª ed. aMadrid : bMinisterio de Cultura, Dirección General de Bellas Artes y Archivos, Subdirección General de Arqueologia y Etnografia, c1986. a1 v. : bil. ; c29 cm.1 aExcavaciones arqueológicas en España ; v1498 aContiene: V.II.- Campañas de 1981 a 19831 aEspaña. bSubdirección General de Arqueología y Etnografía.0 aExcavaciones arqueológicas en España ; v149 aES-MaACLjP-1723 bR.114899